Languages spoken in Asia - Statistics

General Stats
  • This quiz has been taken 159 times
    101 since last reset
  • The average score is 31 of 50
Answer Stats
Language % Correct
Mandarin
98%
Arabic
93%
Hindi
92%
Japanese
92%
Korean
88%
Malay
88%
Thai
88%
Urdu
88%
Russian
87%
Vietnamese
87%
Cantonese
86%
Turkish
84%
Bengali
82%
Indonesian
82%
Kazakh
82%
Lao
82%
Pashto
82%
Tamil
82%
Uzbek
82%
Armenian
81%
Azerbaijani
78%
Georgian
78%
Khmer
78%
Turkmen
78%
Hebrew
75%
Burmese
73%
Kyrgyz
73%
Tajik
73%
Mongolian
72%
Nepali
67%
Filipino
66%
Kurdish
66%
English
65%
Greek
47%
Marathi
47%
Portuguese
47%
Sinhala
46%
French
45%
Dari
42%
Assamese
28%
Odia
27%
Tetum
27%
Hakka
19%
Ossetian
14%
Divehi
12%
Dzongka
12%
Abkhaz
10%
Telegu
6%
Saraiki
4%
Pursian
1%
No matching quizzes found
Score Distribution
Percent of People with Each Score
Percentile by Number Answered
Your Score History
You have not taken this quiz since the last reset